Top 5 Schweizer Gemeinden nach Sprache - Statistiken

Allgemein
  • Dieses Quiz wurde 391 mal gespielt
  • Das Durchschnittsergebnis liegt bei 13 aus 20
Antwortstatistiken
Sprache Einwohner Prozent Gemeinde % Korrekt
Deutsch 420'217 78,3 % Zürich
100%
Deutsch 134'591 83,0 % Bern
97%
Deutsch 173'232 77,3 % Basel
95%
Französisch 203'951 76,0 % Genf
95%
Französisch 139'408 80,4 % Lausanne
92%
Italienisch 62'615 85,8 % Lugano
90%
Deutsch 82'257 84,7 % Luzern
85%
Italienisch 43'279 88,7 % Bellinzona
83%
Italienisch 15'776 80,3 % Locarno
82%
Deutsch 113'173 83,5 % Winterthur
80%
Französisch 44'588 96,5 % Neuenburg
76%
Französisch 38'197 69,4 % Freiburg
72%
Italienisch 7759 91,5 % Chiasso
50%
Französisch 37'494 86,4 % La Chaux-de-Fonds
42%
Italienisch 14'870 92,2 % Mendrisio
37%
Rätoromanisch 4624 53,8 % Scuol
35%
Rätoromanisch 2046 75,8 % Disentis/Mustér
24%
Rätoromanisch 1728 76,1 % Breil/Brigels
9%
Rätoromanisch 2327 52,4 % Surses
8%
Rätoromanisch 2019 82,8 % Lumnezia
6%
Keine übereinstimmenden Quizze gefunden
Verteilung der Resultate
Anzahl Personen mit jedem Resultat
Perzentil nach korrekt beantworteten Fragen
Ihre Resultats-Entwicklung
Sie haben dieses Quiz noch nicht gespielt